| 000 | 00389nam a2200157Ia 4500 | ||
|---|---|---|---|
| 008 | 250602s2007 xx 000 0 und d | ||
| 020 | _a978-1-55581-223-2 | ||
| 041 | _aeng | ||
| 082 | _a616.9/RED | ||
| 100 | _aReddy, C A | ||
| 245 | _aMethods for General and Molecular | ||
| 250 | _a3 Ed. | ||
| 260 |
_aWashington _bASM Press _c2007 |
||
| 300 | _a1069p | ||
| 906 | _aMEDICAL SCIENCE | ||
| 999 |
_c1210249 _d1210249 |
||